Bharat Ratna Atal Bihari Vajpayee / (Record no. 145979)
[ view plain ]
| 000 -LEADER | |
|---|---|
| fixed length control field | 00754nam a22001937a 4500 |
| 005 - DATE AND TIME OF LATEST TRANSACTION | |
| control field | 20180614124030.0 |
| 010 ## - LCCN (DPL NO) | |
| LC control number | 1718EN-30 B-688813-819 |
| 020 ## - INTERNATIONAL STANDARD BOOK NUMBER | |
| International Standard Book Number | 9789385160219 |
| Terms of availability | 695.00 |
| 035 ## - SYSTEM CONTROL NUMBER | |
| System control number | B-688813-819 |
| 037 ## - SOURCE OF ACQUISITION | |
| Source of stock number/acquisition | Bhairavi pub. |
| Stock number | dpl |
| 082 ## - DEWEY DECIMAL CLASSIFICATION NUMBER | |
| Classification number | 920 |
| 245 ## - TITLE STATEMENT | |
| Title | Bharat Ratna Atal Bihari Vajpayee / |
| Statement of responsibility, etc | edited by Harsharan Singh |
| 260 ## - PUBLICATION, DISTRIBUTION, ETC. (IMPRINT) | |
| Place of publication, distribution, etc | New Delhi |
| Name of publisher, distributor, etc | Lenin media |
| Date of publication, distribution, etc | 2015 |
| 270 ## - ADDRESS | |
| Address | 204-205, IInd floor, Durga complex,Mayur Vihar, phase-II, |
| City | New Delhi |
| Postal code | 110091 |
| 300 ## - PHYSICAL DESCRIPTION | |
| Extent | 256p |
| Dimensions | 22cm(Hb) |
| 700 ## - ADDED ENTRY--PERSONAL NAME | |
| Personal name | Singh, Harsharan |
| 942 ## - ADDED ENTRY ELEMENTS (KOHA) | |
| Source of classification or shelving scheme | Dewey Decimal Classification |
| Item type | English Books |
| Call number suffix | BHA |
| Classification part | 920 |
| Withdrawn status | Lost status | Not for loan | Collection code | Home library | Current library | Date acquired | Source of acquisition | Cost, normal purchase price | Full call number | Barcode | Copy number | Cost, replacement price | Koha item type |
|---|---|---|---|---|---|---|---|---|---|---|---|---|---|
| Non-fiction | Ashok Vihar | Ashok Vihar | 14/06/2018 | Bhairavi pub-22/5.12.17/640/26.11.17/15.1.18 | 695.00 | 920 BHA | B-688817 | 1 | 695.00 | English Books | |||
| Non-fiction | Central Library | Central Library | 14/06/2018 | Bhairavi pub-22/5.12.17/640/26.11.17/15.1.18 | 695.00 | 920 BHA | B-688813 | 1 | 695.00 | English Books | |||
| Non-fiction | Mobile Library | Mobile Library | 14/06/2018 | Bhairavi pub-22/5.12.17/640/26.11.17/15.1.18 | 695.00 | 920 BHA | B-688814 | 2 | 695.00 | English Books | |||
| Non-fiction | Mobile Library | Mobile Library | 14/06/2018 | Bhairavi pub-22/5.12.17/640/26.11.17/15.1.18 | 695.00 | 920 BHA | B-688815 | 2 | 695.00 | English Books | |||
| Non-fiction | New Police Line | New Police Line | 14/06/2018 | Bhairavi pub-22/5.12.17/640/26.11.17/15.1.18 | 695.00 | 920 BHA | B-688816 | 1 | 695.00 | English Books | |||
| Non-fiction | Shahdara Branch | Shahdara Branch | 14/06/2018 | Bhairavi pub-22/5.12.17/640/26.11.17/15.1.18 | 695.00 | 920 BHA | B-688818 | 1 | 695.00 | English Books | |||
| Non-fiction | Vigyan Vihar | Vigyan Vihar | 14/06/2018 | Bhairavi pub-22/5.12.17/640/26.11.17/15.1.18 | 695.00 | 920 BHA | B-688819 | 1 | 695.00 | English Books |
